Technologie pro 1., 2. a 3. ročník SOU [Střední odborné učiliště], učební obor rytec kovů
| Main Author: | Bárta, František |
|---|---|
| Language: | Czech |
| Published: |
Praha, 1985 |
|
| LEADER | 00558nam a22001692a 4500 | ||
|---|---|---|---|
| 001 | 000125259 | ||
| 003 | CZ BrMZK | ||
| 005 | 20030704084424.0 | ||
| 007 | ta | ||
| 008 | 010907s1985 xr f cze d | ||
| 040 | |a BOA001 |b cze | ||
| 100 | 1 | |a Bárta, František |7 jx20071218008 | |
| 245 | 1 | 0 | |a Technologie pro 1., 2. a 3. ročník SOU [Střední odborné učiliště], učební obor rytec kovů |
| 260 | |a Praha, |c 1985 | ||
| 910 | |a BOA001 |b 4-0774.908-85 | ||
| 990 | |a BK | ||
| 996 | 7 | |b 2619924135 |c 4-0774.908-85 |l MZK |r Sklad / do 1 hodiny |n 3 |w 000125259 |u 000010 |a 1 |e BOA001 |j MZK50 |s A | |
English
Čeština 